| 000 | 00815cam a22002171i 4500 | ||
|---|---|---|---|
| 999 |
_c78381 _d315658 |
||
| 001 | AUC_OC_124029727 | ||
| 003 | SA-RiAUC | ||
| 005 | 20200121163216.0 | ||
| 008 | 200108s2019 su g 000 0 ara c | ||
| 040 |
_aSA-RiKSU _bara _cSA-RiAUC _erda |
||
| 082 | 0 | 4 |
_a020 _221 _bع م أ |
| 100 | 1 |
_aعبد الهادي، محمد فتحي، _d1943- _eمؤلف. _982663 |
|
| 245 | 1 | 0 |
_aأساسيات علم المعلومات / _cتأليف د. محمد فتحي عبد الهادي. |
| 250 | _aالطبعة الأولى. | ||
| 264 | 1 |
_aالسعودية : _bمكتبة المتنبي، _c2019 _m[1440] |
|
| 300 |
_a257 صفحة _c24 سم. |
||
| 504 | _aيشتمل على قائمة ببليوجرافية. | ||
| 650 | 7 |
_aعلم المعلومات _982664 |
|
| 942 |
_2ddc _cBOOK |
||
| 949 |
_aSA-RiPNU _n1 _d2020/1/21 _upnusvn |
||